000 00448nam a2200169 a 4500
005 20140310183202.0
008 021220s19uu xx 00 eng d
020 _a9780352316462
050 _aPS 374
_b.D727 1986
100 _aDoubtfire, Dianne
245 _aThe Wrong face /
_cDianne Doubtfire.
260 _aLondon,
_bAnchor Brendon Limited,
_c1986.
300 _a208 p. :
_c18 cm.
650 _aFiction
942 _cBK
_2lcc
999 _c19889
_d19889